000 00321nam a22001457a 4500
008 210312b ||||| |||| 00| 0 eng d
020 _a9781416600305
041 _aeng
080 _22nd
_a616.8
082 _a616.8
100 _a7
101 _aTRU
245 _aTeaching with brain mind
_cJensen, E
942 _2udc
_cBK
999 _c56511
_d56511